Normal view
MARC view
Entry Topical Term
001 - CONTROL NUMBER
- control field: 1065
003 - CONTROL NUMBER IDENTIFIER
- control field: BD-RjUL
005 - DATE AND TIME OF LATEST TRANSACTION
- control field: 20220201132101.0
008 - FIXED-LENGTH DATA ELEMENTS
- fixed length control field: 220201|| aca||aabn | a|a d
040 ## - CATALOGING SOURCE
- Original cataloging agency: BD-RjUL
- Transcribing agency: BD-RjUL
150 ## - HEADING--TOPICAL TERM
- Topical term or geographic name entry element: বাউল নারী
- General subdivision: ধর্মীয় জীবন
- Geographic subdivision: বাংলাদেশ
670 ## - SOURCE DATA FOUND
- Source citation: Work cat.: (BD-RjUL)79265: খাতুন, মোসা. নাসিমা 936, বৃহত্তর কুষ্টিয়ার নারীবাউল :, ২০১৫